Historia de la educación en el Estado de Oaxaca.

Gardado en:
Detalles Bibliográficos
Autor Principal: López Carrasco, Fidel (autor)
Formato: Libro
Temas:
Etiquetas: Engadir etiqueta
Sen Etiquetas, Sexa o primeiro en etiquetar este rexistro!

MARC

LEADER 00000nam^a2200000^u^4500
001 000498602
005 20250521000000.0
008 070813s1000^^^^^^^^^^^^r^^^^^000^0^spa^d
009 20260310125700.672
035 |a FCE 000042630 
037 |a Acervo ITESO - Biblioteca 
082 0 4 |a 370.972  |b LOPh 
100 |a López Carrasco, Fidel  |e (autor) 
245 1 0 |a Historia de la educación en el Estado de Oaxaca. 
264 |a México :  |b Publicaciones del Museo Pedagógico Nacional,  |c 1950. 
300 |a 106 p. 
336 |a texto  |b txt  |2 rdacontenido 
337 |a sin mediación  |b n  |2 rdamedio 
338 |a volumen  |b nc  |2 rdasoporte 
596 |a Trabajo que obtuvo el tercer premio en el Concurso de la Historia de la Educación en México convocado por la Secretaría de Educación Pública. 
649 |a XX 
650 |a Sistema educativo 
650 |a Educación pública 
650 |a Historia de la educación 
650 |a Oaxaca, México 
910 |a Fondo Centro de Estudios Educativos 
920 |a Impresos - Libros 
930 |a Fondos Especiales 
905 |a 133 
901 |a ALE049722  |b IT2  |c CEE  |u 20250521 
902 |a https://opac.biblio.iteso.mx/vufind/Record/000498602